000 01455nam0a2200325 4500
001 RU\NLR\BIBL_A\011336659
005 20170324164825.0
010 _a978-5-9675-1572-9
_9500
021 _aRU
_b2017-5857
_9413
035 _a(NLR Aleph) 011336659
090 _a11165758
_c11165758
100 _a20170302d2016 k y0rusy50 ca
101 0 _arus
102 _aRU
105 _ay z 000zy
200 1 _aТехнология кормления сельскохозяйственных животных в аридной зоне Юга России
_e[монография]
_fА.Н. Арилов, В.В. Марченко, Ю.Н. Арылов
210 _aМосква
_cИзд-во РГАУ - МСХА
_d2016
215 _a212 с.
_d20
320 _aБиблиогр.: с. 193-196 (61 назв.)
606 1 _aСельскохозяйственные животные
_xКормление в условиях аридного климата
_yРоссийская Федерация
_yЕвропейская часть
_yЮг
_2nlr_sh2
_3RU\NLR\AUTH\6601612718
686 1 _aП545(2Р37)
686 1 _aП528(2Р37)
700 1 _aАрилов
_bА. Н.
_gАнатолий Нимеевич
701 1 _aМарченко
_bВ. В.
_gВячеслав Вячеславович
701 1 _aАрылов
_bЮ. Н.
_gЮрий Нимеевич
942 _cBOOK
980 _aNBR
980 _aNB